|
|
|
|
| LEADER |
00989nam a2200253 a 4500 |
| 001 |
ocm43147997 |
| 008 |
090822s1999 maua b 001 0 eng d |
| 020 |
|
|
|a 0071163824
|
| 020 |
|
|
|a 0070062587
|
| 040 |
|
|
|a XXN
|c XXN
|d JYJ
|d BAKER
|d YDXCP
|d OCLCG
|d BKL
|
| 082 |
0 |
0 |
|a 428.007
|2 21
|
| 100 |
1 |
|
|a Hartmann, Pamela.
|
| 245 |
1 |
0 |
|a Quest :
|b reading and writing in the academic world /
|c Pamela Hartmann, Laurie Blass.
|
| 260 |
|
|
|a Boston :
|b McGraw Hill College,
|c c1999.
|
| 300 |
|
|
|a xii, 180p. ;
|c 24 cm.
|
| 490 |
0 |
|
|a English language series.
|
| 500 |
|
|
|a Book 1
|
| 541 |
1 |
|
|e 00011739
|
| 650 |
|
0 |
|a Reading (Adult education)
|
| 650 |
|
0 |
|a Written communication.
|x Curricula.
|
| 700 |
1 |
|
|a Blass, Laurie,
|d 1952-
|
| 852 |
4 |
|
|a Ayesha Abed Library
|j General shelf
|
| 999 |
|
|
|c 3327
|d 3327
|
| 952 |
|
|
|0 0
|1 0
|2 ddc
|4 0
|6 428_007000000000000_HAR
|7 0
|9 3018
|a BRACUL
|b BRACUL
|c GEN
|d 2009-08-31
|g 0.00
|l 3
|m 6
|o 428.007 HAR
|p 3010011739
|r 2025-09-18
|s 2025-09-10
|t 1
|w 2009-08-31
|y BK
|x No price found in the accession register.
|